000 01247nam a2200337 a 4500
001 679333
003 OSt
005 20140310181749.0
008 950913s1994 ph aba b 00000 eng d
020 _a9719150408
040 _aANL
_cANL
043 _aa-ph---
050 _a JC 599
_b.Se487 1994
082 0 _aFIL 323
_bHu 1994
110 2 0 _aPhilippine Alliance of Human Rights Advocates.
245 1 0 _aYet a stream of human suffering' :
_ba Human Rights report on the second year of the Ramos Government (July 1, 1993-June 30, 1994) /
_cby the Philippine Alliance of Human Rights Advocates (PAHRA).
260 _aManila, Philippines :
_bPhilippine Alliance of Human Rights Advocates (PAHRA),
_c1994.
300 _a44 p. :
_bill., map ;
_c28 cm.
500 _aCover title.
500 _aPrepared by the Philippine Human Rights Information Center.
500 _a"October 1994."
504 _aIncludes bibliographical references (p. 40)
562 _e1
650 0 _aHuman rights
_zPhilippines.
650 0 _aCivil rights
_zPhilippines.
710 2 _aPhilippine Alliance of Human Rights Advocates.
710 2 _aPhilippine Human Rights Information Center.
942 _2lcc
_cBK
999 _c3122
_d3122